000 00311nam a2200145Ia 4500
008 191201s2012 xx 000 0 und d
082 _a330
_bSLE
100 _aSLOMAN,John
245 0 _aEconomics
250 _aIMP
260 _aN.Delhi
_bpearson
_c2012
300 _a750+72
650 _aMBA
942 _2ddc
_cBK
999 _c4173
_d4173